00953cam a22002411 4500001001300000003000400013005001700017008004100034010001700075035001900092040004900111042001200160043001200172050002600184100003800210245023600248260004800484300002100532490004700553650005200600650004200652999001700694e 32000433 DLC20260227111222.0810403s1932 dcu f000 0 eng c ae 32000433  a(OCoLC)7303825 aLibrary. U.S. Office of EducationcMChBdDLC apremarc an-us---00aL111b.A6 1932 no. 101 aReady, Marie M.q(Marie Margaret)10aPhysical education and health education as a part of all general teacher-traning curricula,cby Marie M. Ready, associate specialist in recreation, Office of education. United States Department of the interior. Office of education. aWashington,bU.S. Govt. Print. Off.,c1932. av, 47 p.c23 cm.0 aU.S. Office of Education. Bulletinvno. 10 0aPhysical education and trainingzUnited States. 0aTeachersxTraining ofzUnited States. c21238d21238